000
00269nam a22001217a 4500
999
_c
13852
_d
13852
020
_a
978-1465458551
082
_a
100
100
_a
DK
245
_a
The Philosophy Book: Big Ideas Simply Explained
260
_a
New York
_b
DK
_c
2017
300
_a
352 pages
942
_c
BK